| 000 | 00327nam a2200133Ia 4500 | ||
|---|---|---|---|
| 008 | 221224s9999||||xx |||||||||||||| ||und|| | ||
| 082 |
_a242 _bPER/A |
||
| 100 | _aPerry, Edward Delavan | ||
| 245 | 2 | _aA Sanskrit Primer | |
| 250 | _a1st Edition | ||
| 260 |
_aNew Delhi _bCosmo Publications&c1977 |
||
| 300 | _a228 | ||
| 942 | _cVB | ||
| 999 |
_c38576 _d38576 |
||